Movie Quote Quiz Stats

 Plays Quiz not verified by Sporcle

Score 0/20 Timer 10:00
0 Plays Today
Quote Movie % Correct
A census taker once tried to test me. I ate his liver with some fava beans and a nice chianti.Silence of the Lambs
86.9%
The funny thing is - on the outside, I was an honest man, straight as an arrow. I had to come to prison to be a crookShawshank Redemption
73.5%
But why is the rum gone? Pirates of the Caribbean
71.7%
So this is a Harvard bar, huh? I thought there'd be equations and s#!$ on the wallGood Will Hunting
70%
Royale with cheese. Do you know why they call it a Royale with cheese? Pulp Fiction
69.7%
The greatest trick the devil ever pulled was convincing the world he didnt exist. And like that... he's goneUsual Suspects
66.2%
I'm sorry I had to fight in the middle of your Black Panther party. Forrest Gump
65.9%
'The trouble with Scotland is that its full of Scots'Braveheart
63.6%
Tell me something, my friend. You ever dance with the devil in the pale moonlight? Batman
53.6%
I looked up 'fubar' in the German dictionary and there's no fubar in here. Saving Private Ryan
39.4%
Quote Movie % Correct
You keep using that word. I do not think it means what you think it means. The Princess Bride
37.9%
I don't want to be a product of my environment. I want my environment to be a product of meThe Departed
35.6%
No Way! That's Great... WE'VE LANDED ON THE MOON! Dumb and Dumber
32.9%
Send over a bottle of bubbly with a bucket of ice and a card. Have it say, 'Tough break, get drunk on me. Use the bucket to ice down your marbles, Yours, Z.'Tommy Boy
28%
What we do in life echoes in eternity. Gladiator
26.8%
Well, what if there is no tomorrow? There wasn't one today. Groundhog Day
25.1%
My CPU is a neural net processor; a learning computer.Terminator 2
18.7%
Don't shrug, imbecile. I'm blind. Save your body language for the bimbi.Scent of a Woman
17.2%
'Ryan, some things in here don't react well to bullets.' Yeah, like me. I don't react well to bullets. Hunt for Red October
12.2%
I lost it. I lost it all- faith, dignity... about 15 pounds. High Fidelity
5.8%

You're not logged in!

Compare scores with friends on all Sporcle quizzes.
OR
Log In

Sporcle TV

Today on Sporcle TV


Watch our educational content, quiz creation guides, and fun videos on Sporcle TV.

Show Comments

Extras

Top Quizzes Today


Score Distribution

Your Account Isn't Verified!

In order to create a playlist on Sporcle, you need to verify the email address you used during registration. Go to your Sporcle Settings to finish the process.

Report this User

Report this user for behavior that violates our Community Guidelines.

Details: